000 01051cab a2200301 4500
001 ABS59343
008 090401t1998 xxu||||| |||| 00| 0 eng d
035 _a(Sirsi) u88658
041 _aeng
100 _aAlderson, F.
245 _aBeat the cowboys
260 _c1998
350 _a0
490 _aConstruction News
_v(6582) 10 September 1998, 30(1)
520 _aDiscuss the DETR consultation paper on how to assist consumers to avoid cowboy builders. The White Paper proposes publishing a register of reputable builders, introducing an accreditation scheme for builders, extending the Building Regulations to include houses and introducing more warranties.
650 _aACCREDITATION
650 _aBUILDING REGULATIONS
_96224
650 _aCONTRACTORS
650 _aCOWBOY BUILDERS
650 _aDETR
650 _aREGISTER
650 _aRESIDENTIAL PROPERTY
_96266
650 _aWARRANTIES
650 _aWHITE PAPER
690 _aMANAGEMENT-BUSINESS MANAGEMENT-PROFESSIONAL PRACTICE
942 _n0
948 _c25/09/1998
999 _c56050
_d56050